Business statistics ; a decision-making approach (5th Edition) + CD (Record no. 290775)
[ view plain ]
| 000 -LEADER | |
|---|---|
| fixed length control field | 00352 a2200145 4500 |
| 001 - CONTROL NUMBER | |
| control field | 55702 |
| 082 ## - DEWEY DECIMAL CLASSIFICATION NUMBER | |
| Classification number | 519.5 GRO |
| 090 ## - LOCALLY ASSIGNED LC-TYPE CALL NUMBER (OCLC); LOCAL CALL NUMBER (RLIN) | |
| -- | 34588 |
| -- | 34588 |
| 100 ## - MAIN ENTRY--PERSONAL NAME | |
| Personal name | groebner d E |
| 245 ## - TITLE STATEMENT | |
| Title | Business statistics ; a decision-making approach (5th Edition) + CD |
| 250 ## - EDITION STATEMENT | |
| Edition statement | 5 |
| 260 ## - PUBLICATION, DISTRIBUTION, ETC. | |
| Place of publication, distribution, etc. | NJ |
| Name of publisher, distributor, etc. | Prentic-Hall |
| Date of publication, distribution, etc. | 2000 |
| 300 ## - PHYSICAL DESCRIPTION | |
| Accompanying material | with CD |
| 500 ## - GENERAL NOTE | |
| General note | CD/DVD |
| 942 ## - ADDED ENTRY ELEMENTS (KOHA) | |
| Institution code [OBSOLETE] | NUST-CAE |
| Call number prefix | 519.5 GRO |
| Withdrawn status | Lost status | Damaged status | Not for loan | Collection code | Permanent Location | Current Location | Date acquired | Total Checkouts | Full call number | Barcode | Date last seen | Price effective from | Koha item type |
|---|---|---|---|---|---|---|---|---|---|---|---|---|---|
| College of Aeronautical Engineering (CAE) | College of Aeronautical Engineering (CAE) | 04/03/2017 | 519.5 GRO | CAEN-1114 | 04/05/2017 | 04/05/2017 | Book | ||||||
| College of Aeronautical Engineering (CAE) | College of Aeronautical Engineering (CAE) | 04/03/2017 | 519.5 GRO | CAEN-1116 | 04/05/2017 | 04/05/2017 | Book | ||||||
| College of Aeronautical Engineering (CAE) | College of Aeronautical Engineering (CAE) | 04/03/2017 | 519.5 GRO | CAEN-1115 | 04/05/2017 | 04/05/2017 | Book |
